[Event "Stay Safe Play From Home 221"]
[Site "T#646739Emanuel Laske"]
[Date "2020.06.12"]
[Round "8"]
[White "Fischer_11"]
[Black "Lazieri3"]
[Result "0-1"]
[WhiteElo "2088"]
[BlackElo "2010"]
[Annotator "NA RC"]
[PlyCount "80"]
[EventDate "2020.06.12"]
[EventType "swiss (blitz)"]

1. e4 {[%emt 0:00:03]} c6 {[%emt 0:00:00]} 2. d4 {[%emt 0:00:01]} d5 {[%emt 0:00:00]} 3. exd5 {[%emt 0:00:00]} cxd5 {[%emt 0:00:00]} 4. c4 {[%emt 0:00:00]} Nc6 {[%emt 0:00:00]} 5. cxd5 {[%emt 0:00:01]} Qxd5 {[%emt 0:00:01]} 6. Nf3 {[%emt 0:00:00]} Qd8 {[%emt 0:00:01]} 7. Nc3 {[%emt 0:00:00]} e6 {[%emt 0:00:01]} 8. d5 {[%emt 0:00:00]} exd5 {[%emt 0:00:01]} 9. Qxd5 {[%emt 0:00:00]} Qxd5 {[%emt 0:00:02]} 10. Nxd5 {[%emt 0:00:00]} Bd6 {[%emt 0:00:01]} 11. Bb5 {[%emt 0:00:03]} Be6 {[%emt 0:00:01]} 12. Nf4 {[%emt 0:00:03]} Bb4+ {[%emt 0:00:02]} 13. Bd2 {[%emt 0:00:01]} Bxd2+ {[%emt 0:00:01]} 14. Nxd2 {[%emt 0:00:00]} Bd7 {[%emt 0:00:05]} 15. O-O {[%emt 0:00:01]} Nge7 {[%emt 0:00:01]} 16. Rfe1 {[%emt 0:00:00]} O-O {[%emt 0:00:01]} 17. Bxc6 {[%emt 0:00:03]} Nxc6 {[%emt 0:00:00]} 18. Nb3 {[%emt 0:00:03]} Rfe8 {[%emt 0:00:02]} 19. Nc5 {[%emt 0:00:02]} Bf5 {[%emt 0:00:06]} 20. b3 {[%emt 0:00:04]} b6 {[%emt 0:00:02]} 21. Na4 {[%emt 0:00:04]} h6 {[%emt 0:00:02]} 22. Rac1 {[%emt 0:00:01]} Nd4 {[%emt 0:00:01]} 23. f3 {[%emt 0:00:05]} g5 {[%emt 0:00:02]} 24. Nd5 {[%emt 0:00:03]} Ne2+ {[%emt 0:00:03]} 25. Kf2 {[%emt 0:00:04]} Nxc1 {[%emt 0:00:02]} 26. Nf6+ {[%emt 0:00:01]} Kf8 {[%emt 0:00:01]} 27. Nxe8 {[%emt 0:00:01]} Nd3+ {[%emt 0:00:02]} 28. Kf1 {[%emt 0:00:04]} Nxe1 {[%emt 0:00:01]} 29. Nd6 {[%emt 0:00:00]} Bd3+ {[%emt 0:00:01]} 30. Kxe1 {[%emt 0:00:01]} Rd8 {[%emt 0:00:01] Fischer_11 bietet Remis} 31. Ne4 {[%emt 0:00:04]} Bxe4 {[%emt 0:00:01]} 32. fxe4 {[%emt 0:00:00]} Rd3 {[%emt 0:00:02]} 33. Nc3 {[%emt 0:00:00]} Rxc3 {[%emt 0:00:01]} 34. Ke2 {[%emt 0:00:00]} Rc2+ {[%emt 0:00:01]} 35. Kd3 {[%emt 0:00:01]} Rxa2 {[%emt 0:00:00]} 36. Kd4 {[%emt 0:00:01]} Rxg2 {[%emt 0:00:00]} 37. Ke5 {[%emt 0:00:00]} Rxh2 {[%emt 0:00:00]} 38. Kf6 {[%emt 0:00:00]} Rb2 {[%emt 0:00:00]} 39. b4 {[%emt 0:00:00]} Rxb4 {[%emt 0:00:01]} 40. e5 {[%emt 0:00:01]} Rf4# {[%emt 0:00:01] (Lag: Av=0.42s, max=0.9s)} 0-1

[Event "Stay Safe Play From Home 221"]
[Site "T#646739Emanuel Laske"]
[Date "2020.06.12"]
[Round "8"]
[White "Klasman"]
[Black "Grizzzly"]
[Result "0-1"]
[WhiteElo "1257"]
[BlackElo "1787"]
[Annotator "NA RC"]
[PlyCount "62"]
[EventDate "2020.06.12"]
[EventType "swiss (blitz)"]

1. f4 {[%emt 0:00:03]} c5 {[%emt 0:00:01]} 2. Nf3 {[%emt 0:00:01]} Nc6 {[%emt 0:00:00]} 3. e3 {[%emt 0:00:01]} d5 {[%emt 0:00:00]} 4. c3 {[%emt 0:00:01]} Nf6 {[%emt 0:00:00]} 5. d4 {[%emt 0:00:01]} e6 {[%emt 0:00:02]} 6. Bb5 {[%emt 0:00:02]} Bd7 {[%emt 0:00:02]} 7. Bxc6 {[%emt 0:00:02]} Bxc6 {[%emt 0:00:03]} 8. O-O {[%emt 0:00:01]} cxd4 {[%emt 0:00:01]} 9. cxd4 {[%emt 0:00:03]} Bd6 {[%emt 0:00:01]} 10. Nc3 {[%emt 0:00:01]} O-O {[%emt 0:00:00]} 11. Ne5 {[%emt 0:00:01]} a6 {[%emt 0:00:01]} 12. Qf3 {[%emt 0:00:02]} Rc8 {[%emt 0:00:01]} 13. g4 {[%emt 0:00:01]} Bb4 {[%emt 0:00:02]} 14. Bd2 {[%emt 0:00:02]} Bxc3 {[%emt 0:00:01]} 15. Bxc3 {[%emt 0:00:02]} Ne4 {[%emt 0:00:00]} 16. f5 {[%emt 0:00:03]} f6 {[%emt 0:00:02]} 17. Nd3 {[%emt 0:00:05]} Nxc3 {[%emt 0:00:02]} 18. bxc3 {[%emt 0:00:02]} Bd7 {[%emt 0:00:02]} 19. Nc5 {[%emt 0:00:01]} Qe7 {[%emt 0:00:03]} 20. Nxd7 {[%emt 0:00:03]} Qxd7 {[%emt 0:00:01]} 21. fxe6 {[%emt 0:00:02]} Qxe6 {[%emt 0:00:01]} 22. Rac1 {[%emt 0:00:01]} Rfe8 {[%emt 0:00:01]} 23. Rfe1 {[%emt 0:00:02]} Qe4 {[%emt 0:00:01]} 24. Kf2 {[%emt 0:00:01]} b5 {[%emt 0:00:03]} 25. Qxe4 {[%emt 0:00:02]} Rxe4 {[%emt 0:00:01]} 26. Kf3 {[%emt 0:00:01]} Rce8 {[%emt 0:00:01]} 27. h3 {[%emt 0:00:02]} g6 {[%emt 0:00:01]} 28. a4 {[%emt 0:00:03]} Kf7 {[%emt 0:00:01]} 29. axb5 {[%emt 0:00:03]} axb5 {[%emt 0:00:00]} 30. Rb1 {[%emt 0:00:01]} Rc8 {[%emt 0:00:03]} 31. Rb3 {[%emt 0:00:02]} Rc4 {[%emt 0:00:04] Time (Lag: Av=0.31s, max=0.4s) .} 0-1

[Event "Stay Safe Play From Home 221"]
[Site "T#646739Emanuel Laske"]
[Date "2020.06.12"]
[Round "8"]
[White "Hermann53"]
[Black "buzaglo"]
[Result "0-1"]
[WhiteElo "898"]
[BlackElo "1917"]
[Annotator "NA RC"]
[PlyCount "40"]
[EventDate "2020.06.12"]
[EventType "swiss (blitz)"]

1. e4 {[%emt 0:00:01]} e6 {[%emt 0:00:00]} 2. Nf3 {[%emt 0:00:02]} d5 {[%emt 0:00:00]} 3. Bd3 {[%emt 0:00:02]} c5 {[%emt 0:00:00]} 4. c3 {[%emt 0:00:01]} Nf6 {[%emt 0:00:03]} 5. Ng5 {[%emt 0:00:05]} dxe4 {[%emt 0:00:03]} 6. Nxe4 {[%emt 0:00:04]} Qxd3 {[%emt 0:00:02]} 7. Nxf6+ {[%emt 0:00:12]} gxf6 {[%emt 0:00:00]} 8. Qg4 {[%emt 0:00:03]} Nc6 {[%emt 0:00:05]} 9. Qa4 {[%emt 0:00:03]} Bd6 {[%emt 0:00:06]} 10. b4 {[%emt 0:00:04]} Qd5 {[%emt 0:00:04]} 11. Qc2 {[%emt 0:00:03]} Qxg2 {[%emt 0:00:01]} 12. Rf1 {[%emt 0:00:03]} f5 {[%emt 0:00:05]} 13. d4 {[%emt 0:00:01]} Qe4+ {[%emt 0:00:02]} 14. Kd2 {[%emt 0:00:08]} cxd4 {[%emt 0:00:02]} 15. Qxe4 {[%emt 0:00:02]} fxe4 {[%emt 0:00:01]} 16. Re1 {[%emt 0:00:01]} dxc3+ {[%emt 0:00:02]} 17. Kc2 {[%emt 0:00:00]} Bxb4 {[%emt 0:00:02]} 18. Nxc3 {[%emt 0:00:01]} Bxc3 {[%emt 0:00:01]} 19. Kxc3 {[%emt 0:00:00]} Ne7 {[%emt 0:00:04]} 20. Rxe4 {[%emt 0:00:00]} Nd5+ {[%emt 0:00:01] Zeit (Lag: Av=0.51s, max=0.8s)} 0-1

[Event "Stay Safe Play From Home 221"]
[Site "T#646739Emanuel Laske"]
[Date "2020.06.12"]
[Round "9"]
[White "Little champs"]
[Black "Hermann53"]
[Result "1-0"]
[WhiteElo "2201"]
[BlackElo "898"]
[Annotator "NA RC"]
[PlyCount "39"]
[EventDate "2020.06.12"]
[EventType "swiss (blitz)"]

1. d4 {[%emt 0:00:04]} g6 {[%emt 0:00:00]} 2. e3 {[%emt 0:00:01]} Bg7 {[%emt 0:00:01]} 3. Nf3 {[%emt 0:00:00]} c5 {[%emt 0:00:02]} 4. Be2 {[%emt 0:00:00]} Nc6 {[%emt 0:00:01]} 5. O-O {[%emt 0:00:01]} Qa5 {[%emt 0:00:03]} 6. dxc5 {[%emt 0:00:01]} Nb4 {[%emt 0:00:03]} 7. Bd2 {[%emt 0:00:01]} Qxc5 {[%emt 0:00:04]} 8. Nc3 {[%emt 0:00:01]} Bxc3 {[%emt 0:00:02]} 9. Bxc3 {[%emt 0:00:01]} Nd5 {[%emt 0:00:04]} 10. Bxh8 {[%emt 0:00:01]} Ngf6 {[%emt 0:00:03]} 11. Bxf6 {[%emt 0:00:01]} exf6 {[%emt 0:00:01]} 12. c4 {[%emt 0:00:01]} Nxe3 {[%emt 0:00:09]} 13. fxe3 {[%emt 0:00:01]} Qxe3+ {[%emt 0:00:03]} 14. Kh1 {[%emt 0:00:00]} d6 {[%emt 0:00:05]} 15. Bd3 {[%emt 0:00:00]} Bf5 {[%emt 0:00:02]} 16. Re1 {[%emt 0:00:01]} Kd7 {[%emt 0:00:11]} 17. Rxe3 {[%emt 0:00:01]} Re8 {[%emt 0:00:02]} 18. Bxf5+ {[%emt 0:00:01]} Kc6 {[%emt 0:00:02]} 19. Rxe8 {[%emt 0:00:01]} gxf5 {[%emt 0:00:02]} 20. Qd5+ {[%emt 0:00:01] Zeit (Lag: Av=0.61s, max=1.2s)} 1-0

[Event "Stay Safe Play From Home 221"]
[Site "T#646739Emanuel Laske"]
[Date "2020.06.12"]
[Round "9"]
[White "Grizzzly"]
[Black "Mepe_Nika"]
[Result "0-1"]
[WhiteElo "1788"]
[BlackElo "2351"]
[Annotator "TA"]
[PlyCount "54"]
[EventDate "2020.06.12"]
[EventType "swiss (blitz)"]

{[%evp 9,54,43,54,18,29,30,40,0,52,2,38,2,4,-139,-123,-128,-111,-141,-78,-118,-119,-112,-75,-92,-97,-383,-390,-414,-422,-477,-469,-431,-345,-485,-404,-391,-375,-381,-373,-368,-353,-477,-480,-29997,-29998,-29998,-29999]} 1. e4 g6 2. d4 Bg7 3. Bd3 d6 4. c3 e5 5. Nf3 Nc6 {[%cal Re5d4]} 6. Be3 {B06: Modern Defence.} Bg4 7. d5 Nce7 8. Nbd2 {White is slightly better.} f5 {[#]} (8... Bd7 $11) 9. Bg5 $146 ({Predecessor:} 9. exf5 gxf5 10. Qa4+ Qd7 11. Qxd7+ Kxd7 12. Ng5 f4 13. Bxf4 exf4 14. Nf7 Nxd5 15. Nxh8 {0-1 (32) Strzyzakowska,D-Cherednichenko,S (2203) Warsaw 2001}) 9... Nf6 10. O-O O-O 11. g3 (11. h3 $11 {keeps the balance.} fxe4 12. Bxe4) 11... fxe4 $17 12. Nxe4 Nfxd5 13. Bc4 {[#] aiming for Bxe7.} c6 (13... Kh8 $142 14. Qxd5 Nxd5 15. Bxd8 Raxd8 16. Bxd5 Bxf3) 14. Bxe7 Qxe7 15. Bxd5+ cxd5 16. Qxd5+ Be6 17. Qd3 $2 {[%mdl 8192] Loses the game.} (17. Qd1 $17 {was the only defense.}) 17... d5 $19 18. Ned2 e4 19. Nxe4 dxe4 20. Qxe4 Qf6 21. Rae1 (21. Ng5 {was necessary.} Bf5 22. Qc4+ Kh8 23. f4) 21... Bxa2 ({Less strong is} 21... Qxf3 22. Qxe6+ Qf7 23. f4 $17) 22. Ne5 Qxe5 23. Qxe5 Bxe5 24. Rxe5 Rae8 25. Ra5 Bc4 26. Re1 {[#]} (26. Rd1 $19 Re2 27. f4) 26... Rxe1+ 27. Kg2 Bf1+ {Accuracy: White = 14%, Black = 61%.} 0-1

[Event "Stay Safe Play From Home 221"]
[Site "T#646739Emanuel Laske"]
[Date "2020.06.12"]
[Round "9"]
[White "Edmatuag"]
[Black "buzaglo"]
[Result "0-1"]
[WhiteElo "1696"]
[BlackElo "1918"]
[Annotator "TA"]
[PlyCount "102"]
[EventDate "2020.06.12"]
[EventType "swiss (blitz)"]

{[%evp 9,102,-35,-22,-19,-15,-322,-311,-342,-338,-342,-326,-326,-325,-328,-310,-348,-331,-356,-343,-374,-366,-385,-381,-490,-494,-517,-510,-512,-521,-510,-518,-800,-788,-772,-742,-751,-657,-864,-618,-606,-560,-758,-758,-726,-694,-714,-606,-732,-631,-2443,-806,-29986,-29987,-29967,-848,-848,-848,-1087,-912,-1192,-843,-830,-821,-909,-897,-881,-848,-29972,-29973,-29973,-29974,-29970,-6140,-29991,-29992,-29992,-29993,-29994,-29994,-29994,-29995,-29996,-29996,-29996,-29997,-29997,-29996,-29996,-29997,-29998,-29998,-29998,-29998,-29998,-29999]} 1. e3 e6 2. b3 d5 3. Nc3 Nf6 {[#]} 4. Nce2 $146 ({Predecessor:} 4. Bb2 Be7 5. d4 O-O 6. Qf3 Nbd7 7. O-O-O a6 8. g4 b5 9. g5 Ne8 10. h4 {1-0 (35) Broksch,D (1902)-Keller,H (1709) Dresden 2016}) 4... Be7 5. Bb2 O-O 6. Nf3 {A00: Irregular Openings.} c5 7. Nfd4 $2 {[%mdl 8192] [#]} (7. Ng3 $11) 7... cxd4 $19 8. exd4 {Black has a decisive advantage.} Nc6 9. g3 Qb6 10. Bg2 Bd7 11. O-O Rfe8 12. Kh1 Rad8 13. h3 Bd6 14. f4 Ne7 {[%cal Bc6e7,Be7f5,Bf5e3][%mdl 32]} 15. d3 Nf5 16. c4 Ne3 17. Qd2 Nxf1 18. Rxf1 dxc4 19. dxc4 Bc6 20. c5 (20. Qc2 $142) 20... Bxg2+ 21. Kxg2 Qc6+ 22. Kh2 Bc7 23. Nc3 Nd5 24. Ne4 b6 25. Ba3 bxc5 26. Nxc5 Bb6 27. Rc1 Bxc5 28. Rxc5 Qb7 29. Qa5 Rc8 30. b4 Rxc5 31. Qxc5 Qc7 (31... Rc8 $142 32. g4 Rxc5 33. bxc5 Nxf4 34. d5 Qxd5 35. Kg3 g5 36. Kf2 Qg2+ 37. Ke3 e5 38. Bc1 Qe2#) 32. Qxc7 Nxc7 33. Bb2 Nb5 34. a4 Nc7 35. b5 Nd5 36. a5 Rb8 37. b6 axb6 38. a6 Ra8 39. Ba3 Rxa6 40. Bd6 b5 41. Be5 b4 {Black mates.} 42. Bd6 b3 43. Bb4 b2 44. Bc3 b1=Q 45. h4 Qc2+ 46. Kh3 Qxc3 47. Kg4 Qxd4 48. Kh3 h5 49. f5 exf5 50. g4 Qxg4+ 51. Kh2 Ra2+ {Black took control after the opening. Accuracy: White = 42%, Black = 100%.} 0-1

[Event "Stay Safe Play From Home 221"]
[Site "T#646739Emanuel Laske"]
[Date "2020.06.12"]
[Round "9"]
[White "Trotsky"]
[Black "Lamborghini"]
[Result "0-1"]
[WhiteElo "1630"]
[BlackElo "2319"]
[Annotator "TA"]
[PlyCount "58"]
[EventDate "2020.06.12"]
[EventType "swiss (blitz)"]

{[%evp 9,58,-10,20,-26,0,-7,5,12,1,-4,30,0,-14,-168,-80,-210,-168,-354,-246,-326,-329,-444,-342,-798,-788,-864,-852,-974,-972,-1177,-1037,-1205,-1241,-1271,-1217,-1952,-1888,-2281,-2242,-2500,-2481,-2756,-2385,-2661,-2620,-29988,-29988,-29992,-29991,-29991,-29988]} 1. d4 Nf6 2. e3 g6 3. c4 Bg7 4. Nc3 O-O 5. Bd3 d6 6. Qc2 {E61: King's Indian: Early deviations for White, including Smyslov System.} Nc6 7. a3 e5 8. d5 {The position is equal.} Ne7 9. Nf3 {[#]} Ne8 $146 ({Predecessor:} 9... Nh5 10. h3 f5 11. Nh2 Nf6 12. Bd2 c6 13. O-O-O cxd5 14. cxd5 Bd7 15. Kb1 Rc8 {0-1 (48) Bende,E-Lantos,L Hungary 1996}) 10. Ng5 h6 $36 {[%mdl 2048] White is under pressure.} 11. h4 $2 {[#]} (11. Nf3 $11 {and White stays safe.}) 11... c6 (11... hxg5 $19 {and Black stays clearly on top.} 12. hxg5 c6) 12. Bd2 (12. Nf3 $17 {is a better defense.}) 12... cxd5 13. O-O-O $2 (13. cxd5 hxg5 14. hxg5) 13... Bd7 14. f3 Rc8 15. g4 dxc4 16. Bxg6 $2 (16. Be4) 16... fxg6 $19 17. h5 hxg5 18. hxg6 d5 19. Rh7 Nf6 20. Rhh1 d4 21. exd4 exd4 22. Ne4 d3 23. Qc3 Nxe4 24. Qb4 Nxd2 25. Rxd2 Nxg6 26. Rdh2 Qf6 27. Rh7 c3 {Black mates.} 28. b3 d2+ 29. Kc2 {[#]} Bc6 $1 {White got outplayed after the opening. Accuracy: White = 18%, Black = 45%.} 0-1

[Event "Stay Safe Play From Home 221"]
[Site "T#646739Emanuel Laske"]
[Date "2020.06.12"]
[Round "9"]
[White "Klasman"]
[Black "Fischer_11"]
[Result "0-1"]
[WhiteElo "1256"]
[BlackElo "2067"]
[Annotator "NA RC"]
[PlyCount "38"]
[EventDate "2020.06.12"]
[EventType "swiss (blitz)"]

1. f4 {[%emt 0:00:02]} Nf6 {[%emt 0:00:01]} 2. Nf3 {[%emt 0:00:02]} g6 {[%emt 0:00:00]} 3. Nc3 {[%emt 0:00:01]} Bg7 {[%emt 0:00:00]} 4. e4 {[%emt 0:00:01]} O-O {[%emt 0:00:00]} 5. e5 {[%emt 0:00:01]} Ne8 {[%emt 0:00:01]} 6. d4 {[%emt 0:00:02]} d6 {[%emt 0:00:00]} 7. Bd3 {[%emt 0:00:04]} b6 {[%emt 0:00:01]} 8. Be3 {[%emt 0:00:01]} Bb7 {[%emt 0:00:01]} 9. O-O {[%emt 0:00:01]} c5 {[%emt 0:00:01]} 10. d5 {[%emt 0:00:03]} dxe5 {[%emt 0:00:06]} 11. fxe5 {[%emt 0:00:02]} Nd7 {[%emt 0:00:00]} 12. Bf4 {[%emt 0:00:03]} a6 {[%emt 0:00:04]} 13. Ng5 {[%emt 0:00:03]} Nc7 {[%emt 0:00:02]} 14. Qg4 {[%emt 0:00:04]} Nxd5 {[%emt 0:00:03]} 15. Qh3 {[%emt 0:00:05]} h6 {[%emt 0:00:04]} 16. e6 {[%emt 0:00:01]} Nxf4 {[%emt 0:00:02]} 17. Rxf4 {[%emt 0:00:06]} hxg5 {[%emt 0:00:07]} 18. exf7+ {[%emt 0:00:11]} Rxf7 {[%emt 0:00:02]} 19. Rxf7 {[%emt 0:00:02]} Kxf7 {[%emt 0:00:00] Time (Lag: Av=0.33s, max=0.4s)} 0-1